000 00592nam a2200181Ia 4500
008 151202s9999||||xx |||||||||||||| ||und||
082 _bPNVM-66671
100 _aजोशी मिलिदं.
245 _aतमाच्या तळाशी.
260 _b"संस्कृती प्रकाशन,पुणे."
260 _c2007
300 _a120
600 _aजोशी मिलिदं.
630 _aतमाच्या तळाशी.
700 _aजोशी मिलिदं.
730 _aतमाच्या तळाशी.
942 _cBOOK
999 _c1333203
_d1333200